Statystyki dla Polskie miasta na literę "G"

Kliknij tutaj aby rozwiązać quiz!

Ogólne statystyki

  • Ten quiz został rozwiązany 1 222 razy
  • Średni wynik to 11 z 26

Statystyki odpowiedzi

ludnośćmiasto% Poprawnych
470 600Gdańsk
96%
244 100Gdynia
95%
121 700Gorzów Wielkopolski
80%
177 000Gliwice
67%
61 600Gniezno
63%
93 600Grudziądz
60%
66 100Głogów
54%
29 600Giżycko
47%
32 100Grodzisk Mazowiecki
43%
17 600Garwolin
39%
20 300Gostyń
37%
27 400Gorlice
36%
14 700Grodzisk Wielkopolski
33%
21 900Grajewo
32%
21 900Goleniów
31%
16 800Grójec
30%
20 800Gryfino
30%
18 500Gostynin
29%
13 700Gołdap
28%
16 100Gryfice
28%
12 600Głubczyce
25%
13 700Głuchołazy
22%
12 500Golub-Dobrzyn
22%
14 100Główno
20%
16 600Gubin
18%
12 100Góra Kalwaria
14%

Rozkład punktacji

Percentyl według liczby udzielonych odpowiedzi

Procent ludzi z każdym wynikiem

Twoja historia wyników

Nie rozwiązałeś tego quizu